00501cam a22001577a 4500008004000000082001200040100008900052245003900141260003100180300000900211650003400220650003300254650002000287650001900307700001700326180718b1986 xxu||||| |||| 00| 0 eng d aO1 B469 aInternational conference on health policy: ethics and human values (1986: New Delhi) aProceedingscedited by P.C. Bhatla aNew DelhibIMA Housec1986 av.p. aMedical care - Social aspects aMedical ehics - Case studies aHealth planning aMedical policy aBhatla, P.C.